000 01100cam a22003253a 4500
001 18868
003 PGUSA
005 20140828083412.0
008 060719s2006||||xxu|||||s|||||000 1 eng d
040 _aPGUSA
_beng
042 _adc
050 4 _aPZ
100 1 _aHenty, G. A.
_q(George Alfred),
_d1832-1902
245 1 0 _aWith Kitchener in the Soudan :
_bA Story of Atbara and Omdurman
_h[electronic resource] /
_cG. A. Henty
260 _bProject Gutenberg,
_c2006
506 _aPublic domain in the USA.
516 _aElectronic text
653 _aYouth and death -- Juvenile fiction
653 _aSoldiers -- Juvenile fiction
653 _aAdventure stories
653 _aFriendship -- Juvenile fiction
653 _aConduct of life -- Juvenile fiction
653 _aCourage -- Juvenile fiction
653 _aKitchener, Horatio Herbert Kitchener, Earl, 1850-1916 -- Juvenile fiction
653 _aSudan -- Juvenile fiction
700 1 _aRainey, W.
_q(William),
_d1852-1936
830 0 _aProject Gutenberg
_v18868
856 4 0 _uhttp://www.gutenberg.org/ebooks/18868
942 _cEB
999 _c248123
_d248123